000 00428nam a2200169Ia 4500
008 230718s9999 xx 000 0 und d
020 _a9789380472492
041 _aeng
082 _a423.1
_bSHE
100 _aShenai M.
245 _aConfusable Words
260 _c2011
_bPacific Books
300 _a193
365 _cRs.
_b550.00
700 _aShenai M.
906 _dO:0160811-Mar-2011B:110110105915-Feb-2011
_cGENRL
_b137.5
999 _c327421
_d327421